Strength of materials (PART 1)/ (Record no. 48140)
[ view plain ]
| 000 -LEADER | |
|---|---|
| fixed length control field | 00988pam a2200301 i 4500 |
| 001 - CONTROL NUMBER | |
| control field | 2233351 |
| 003 - CONTROL NUMBER IDENTIFIER | |
| control field | Nust |
| 005 - DATE AND TIME OF LATEST TRANSACTION | |
| control field | 20210311154916.0 |
| 008 - FIXED-LENGTH DATA ELEMENTS--GENERAL INFORMATION | |
| fixed length control field | 760402r1976 nyua b 001 0 eng |
| 010 ## - LIBRARY OF CONGRESS CONTROL NUMBER | |
| LC control number | 76011851 |
| 020 ## - INTERNATIONAL STANDARD BOOK NUMBER | |
| International Standard Book Number | 0882754203 (v. 1) |
| 038 ## - RECORD CONTENT LICENSOR | |
| Staff Name | Amir |
| 040 ## - CATALOGING SOURCE | |
| Original cataloging agency | DLC |
| Transcribing agency | DLC |
| Modifying agency | DLC |
| 050 10 - LIBRARY OF CONGRESS CALL NUMBER | |
| Classification number | TA405 |
| Item number | .T5 1976 |
| 082 00 - DEWEY DECIMAL CLASSIFICATION NUMBER | |
| Classification number | 620.112 |
| Author Mark | TIL |
| 100 1# - MAIN ENTRY--PERSONAL NAME | |
| Personal name | Timoshenko, Stephen, |
| Dates associated with a name | 1878-1972. |
| 9 (RLIN) | 35959 |
| 245 10 - TITLE STATEMENT | |
| Title | Strength of materials (PART 1)/ |
| Statement of responsibility, etc. | by S. Timoshenko. |
| 250 ## - EDITION STATEMENT | |
| Edition statement | 3d ed. |
| 260 ## - PUBLICATION, DISTRIBUTION, ETC. | |
| Place of publication, distribution, etc. | Huntington, N.Y. : |
| Name of publisher, distributor, etc. | R. E. Krieger Pub. Co., |
| Date of publication, distribution, etc. | 1976, c1958. |
| 300 ## - PHYSICAL DESCRIPTION | |
| Extent | 2 v. : |
| Other physical details | ill. ; |
| Dimensions | 24 cm. |
| 500 ## - GENERAL NOTE | |
| General note | Reprint of the ed. published by Van Nostrand, New York. |
| 504 ## - BIBLIOGRAPHY, ETC. NOTE | |
| Bibliography, etc. note | Includes bibliograpical references and indexes. |
| 505 0# - FORMATTED CONTENTS NOTE | |
| Formatted contents note | pt. 1. Elementary theory and problems.--pt. 2. Advanced theory and problems. |
| 563 ## - BINDING INFORMATION | |
| Binding note | Hardcover |
| 650 #0 - SUBJECT ADDED ENTRY--TOPICAL TERM | |
| Topical term or geographic name entry element | Strength of materials. |
| 9 (RLIN) | 563 |
| 906 ## - LOCAL DATA ELEMENT F, LDF (RLIN) | |
| a | 7 |
| b | cbc |
| c | orignew |
| d | 1 |
| e | ocip |
| f | 19 |
| g | y-gencatlg |
| 942 ## - ADDED ENTRY ELEMENTS (KOHA) | |
| Source of classification or shelving scheme | |
| Koha item type | Book |
| Withdrawn status | Lost status | Source of classification or shelving scheme | Damaged status | Not for loan | Permanent Location | Current Location | Shelving location | Date acquired | Total Checkouts | Full call number | Barcode | Date last seen | Date last checked out | Price effective from | Koha item type |
|---|---|---|---|---|---|---|---|---|---|---|---|---|---|---|---|
| School of Mechanical & Manufacturing Engineering (SMME) | School of Mechanical & Manufacturing Engineering (SMME) | General Stacks | 01/10/2017 | 1 | 620.112 TIL | SMME-135 | 03/18/2022 | 09/14/2021 | 01/10/2017 | Book |
